| 000 | 01988nam0a2200313 i 4500 | ||
|---|---|---|---|
| 001 | RU\NLR\bibl\2011229 | ||
| 005 | 20260406081504.0 | ||
| 010 |
_a9785423400538 _92000 |
||
| 021 |
_aRU _b2013-13083 _9934 |
||
| 035 | _a(NLR Aleph) 001999771 | ||
| 090 |
_a4342515 _c4342515 |
||
| 100 | _a20130314d2012 u y0rusy50 ca | ||
| 101 | 0 | _arus | |
| 102 | _aRU | ||
| 105 | _ay ||||||||| | ||
| 200 | 1 |
_aФинансовая отчетность кредитной организации: формы и порядок составления _eучебник _eдля студентов высших учебных заведений, обучающихся по направлению подготовки 080100 "Экономика" (квалификация (степень) "бакалавр" _fС.Е. Метелев _gМ-во образования и науки Рос. Федерации, Федер. гос. бюджет. образоват. учреждение высш. проф. образования "Рос. гос. торг.-экон. ун-т", Ом. ин-т (фил.) |
|
| 210 |
_aЧебоксары _cПерфектум _d2012 |
||
| 215 |
_a436, [1] с. _d20 |
||
| 300 | _aУчебник выполнен с учетом нормативных требований Банка России по состоянию на 01.03. 2012 | ||
| 320 | _aБиблиогр. в конце глав и в тексте | ||
| 606 | 1 |
_aКредитные учреждения _jУчебники для высших учебных заведений _xБухгалтерский учет _xОтчетность _yРоссийская Федерация _92098982 _3RU\NLR\auth\661573212 |
|
| 686 | _aУ052.9(2)226.21-15я73 | ||
| 700 | 1 |
_4070 _8rus _7ca _aМетелев _bС. Е. _f1955- _gСергей Ефимович _3RU\NLR\auth\7745701 _928636 |
|
| 801 | 0 |
_aRU _bNLR _c20130314 _gRCR |
|
| 801 | 1 |
_aRU _bNLR _c20130314 |
|
| 830 | _aавт. по базе | ||
| 942 | _cBOOK | ||
| 980 | _aNBR | ||